Catálogo
 En Linea

Varia valeriana / (Registro nro. 6953)

Detalles MARC
000 -CABECERA
campo de control de longitud fija 00510nam a2200157 a 4500
001 - NÚMERO DE CONTROL
campo de control 000007172
005 - FECHA Y HORA DE LA ÚLTIMA TRANSACCIÓN
campo de control 20200929154103.0
008 - DATOS DE LONGITUD FIJA--INFORMACIÓN GENERAL
campo de control de longitud fija 920331s1990 pr 001 0 spa d
040 ## - FUENTE DE LA CATALOGACIÓN
Centro catalogador/agencia de origen DO-SdBNP
Lengua de catalogación spa
Centro/agencia transcriptor BNPHU
082 ## - NÚMERO DE LA CLASIFICACIÓN DECIMAL DEWEY
Número de clasificación nnn
Número de documento/Ítem V299
245 00 - MENCIÓN DE TÍTULO
Título Varia valeriana /
Mención de responsabilidad, etc. editora ; María Teresa Arrarás Mir.
260 ## - PUBLICACIÓN, DISTRIBUCIÓN, ETC.
Lugar de publicación, distribución, etc. San Juan, Puerto Rico :
Nombre del editor, distribuidor, etc. Instituto de Cultura Puertorriqueña,
Fecha de publicación, distribución, etc. 1990.
300 ## - DESCRIPCIÓN FÍSICA
Extensión 60 p. ;
Dimensiones 22 cm.
653 0# - TÉRMINO DE INDIZACIÓN--NO CONTROLADO
Término no controlado Antonio Valero de Bernabe
700 1# - PUNTO DE ACCESO ADICIONAL--NOMBRE DE PERSONA
Nombre de persona Arrarás Mir, María Teresa,
Término indicativo de función/relación ed.
9 (RLIN) 19918
Existencias
Estado de retiro Estado de pérdida Restricciones de uso No para préstamo Código de colección Localización permanente Ubicación/localización actual Ubicación en estantería Fecha de adquisición Número de inventario Total de préstamos Signatura topográfica completa Código de barras Fecha visto por última vez Precio válido a partir de Tipo de ítem Koha
    Préstamo interno   Monografías: Libros y Folletos General General En catalogación 05.09.2009 LF1   nnn V299 7172-10 25.06.2020 25.06.2020 Préstamo interno

Con tecnología Koha